Robert de Montesquiou /

Đã lưu trong:
Chi tiết về thư mục
Tác giả chính: Jullian, Philippe (Tác giả)
Tác giả khác: Pisaturo, Marina
Định dạng: Sách
Ngôn ngữ:Tiếng Italy
Được phát hành: Palermo : Novecento, \1993!
Loạt:Biblioteca Narciso d'oro di Novecento
Những chủ đề:
Các nhãn: Thêm thẻ
Không có thẻ, Là người đầu tiên thẻ bản ghi này!

MARC

LEADER 00000nam a2200000 i 4500
001 IT\ICCU\LO1\0301048
003 ItRI
005 20260115231907.0
008 930517s1993 it |||||| ||||| |||||c
015 |2 IT  |a 94-3296 
020 |a 8837301804 
040 |b ita  |c importazione bologna sebina 
041 7 |a ita  |2 ISO-639-2 
082 |a 841.912  |9 POESIA FRANCESE. 1900-1945  |2 20 
100 1 |a Jullian, Philippe  |0 IT\ICCU\RAVV\025654  |4 aut 
240 1 0 |a Robert de Montesquiou.  |3 IT\ICCU\CFI\0264070  |9 Jullian, Philippe 
245 1 0 |a Robert de Montesquiou /  |c Philippe Jullian ; a cura di Marina Pisaturo. 
260 |a Palermo :  |b Novecento,  |c \1993! 
300 |a 331 p. ;  |c 22 cm. 
650 7 |a Montesquiou, Robert : de  |2 scbi 
700 1 |a Pisaturo, Marina  |0 IT\ICCU\CFIV\112112 
830 0 |a Biblioteca Narciso d'oro di Novecento  |0 IT\ICCU\LO1\0037187 
942 |2 ddc  |c BK  |n 0 
952 |0 0  |1 0  |4 0  |6 DOC_840_992000000000000_JUL  |7 0  |9 15651  |a BO  |b BO  |d 2026-01-15  |i 2997  |l 0  |o DOC 840.992 JUL  |p BO2997  |r 2026-01-15 23:19:07  |w 2026-01-15  |x [Sebina 5] [1 v.]  |y BK  |z 1 v. 
999 |c 13463  |d 13463